Bilecik Bilecik Bilecik Bilecik Bilecik

Elazığ efsaneleri : (Record no. 7330)

MARC details
000 -BAŞLIK
Sabit Uzunluktaki Kontrol Alanı 01203nam a22004097a 4500
001 - KONTROL NUMARASI
Control Dosyası 0007351
003 - KONTROL NUMARASI KİMLİĞİ
Kontrol Alanı KOHA_MİRAKIL
005 - EN SON İŞLEM TARİHİ ve ZAMANI
Kontrol Alanı 20260207001555.0
007 - FİZİKSEL TANIM SABİT ALAN - GENEL BİLGİ
Sabit uzunluklu kontrol alanı ta
008 - SABİT UZUNLUKTAKİ VERİ ÖGELERİ - GENEL BİLGİ
Sabit Alan 090917b2006 tu |||gr||||#0|||0|tur |
020 ## - ISBN - ULUSLARARASI STANDART KİTAP NUMARASI
Isbn 9756089040
Kullanılabilirlik koşulları TL11,25
040 ## - KATALOGLAMA KAYNAĞI
Özgün Kataloglama Kurumu TR-BiSEU
Kataloglama Dili tur
Çeviri Kurumu TR-BiSEU
Açıklama Kuralları rda
041 0# - DİL KODU
Metin ya da ses kaydının dil kodu tur
044 ## - YAYINLAYAN/ÜRETEN KURULUŞUN ÜLKE KODU
ISO country code tu
050 ## - SINIFLAMA ve YER NUMARASI
Sınıflama Numarası GR280
Yer Numarası .G67 2006
100 1# - KİŞİ ADI
Yazar Adı (Kişi adı) Görkem, İsmail.
245 1# - ESER ADI BİLDİRİMİ
Başlık Elazığ efsaneleri :
Alt Eseradı vb. inceleme , metinler/
Sorumluluk Bildirimi İsmail Görkem ; İsmail Görkem.
264 #1 - ÜRERİM, YAYIN, DAĞITIM ve TELİF BİLDİRİMİ
Yayın yeri Elazığ :
Yayınlayan Manas
Yayın tarihi 2006
300 ## - FİZİKSEL TANIMLAMA
Sayfa, Cilt vb. x, 289 sayfa
336 ## - İÇERİK TÜRÜ
Content type term metin
Content type code txt
Source rdacontent
337 ## - MEDYA TÜRÜ
Media type term aracısız
Media type code n
Source rdamedia
338 ## - TAŞIYICI TÜRÜ
Carrier type term cilt
Carrier type code nc
Source rdacarrier
490 1# - DİZİ BİLDİRİMİ
Dizi Bildirimi Manas Yayınları ;
Cilt Numarası no.
490 1# - DİZİ BİLDİRİMİ
Dizi Bildirimi 10.
490 1# - DİZİ BİLDİRİMİ
Dizi Bildirimi Araştırma ve İnceleme Eserleri Dizisi ;
Cilt Numarası no.
490 1# - DİZİ BİLDİRİMİ
Dizi Bildirimi 2.
500 ## - GENEL NOT
Genel Not Kaynakça var.
650 #0 - KONU BAŞLIĞI EK GİRİŞ - KONU TERİMİ
Konusal terim veya coğrafi ad Efsaneler--Türkiye--Erzincan.
9 (RLIN) 18300
650 #0 - KONU BAŞLIĞI EK GİRİŞ - KONU TERİMİ
Konusal terim veya coğrafi ad Tales--Turkey.
9 (RLIN) 17296
650 #0 - KONU BAŞLIĞI EK GİRİŞ - KONU TERİMİ
Konusal terim veya coğrafi ad Folk songs, Turkish.
9 (RLIN) 17297
830 1# - SERİ EK GİRİŞİ - TEKBİÇİM ESER ADI
Tekbiçim Başlık Manas Yayınları ;
Volume number/sequential designation no.
9 (RLIN) 18291
830 1# - SERİ EK GİRİŞİ - TEKBİÇİM ESER ADI
Tekbiçim Başlık 10.
9 (RLIN) 6678
830 1# - SERİ EK GİRİŞİ - TEKBİÇİM ESER ADI
Tekbiçim Başlık Araştırma ve İnceleme Eserleri Dizisi ;
Volume number/sequential designation no.
9 (RLIN) 18301
830 1# - SERİ EK GİRİŞİ - TEKBİÇİM ESER ADI
Tekbiçim Başlık 2.
9 (RLIN) 5554
907 ## - LOCAL DATA ELEMENT G, LDG (RLIN)
a İnceleme
942 ## - EK GİRİŞ ÖGELERİ (KOHA)
Source of classification or shelving scheme Library of Congress Classification
Koha item type Book
Holdings
Materyal Türü Kalıcı Konum Mevcut Konum Raf Yeri Sınıflandırma Kaynağı Edinim Bilgisi Ana Konular Alt Konular Yer Numarası Demirbaş Numarası Fatura Tarihi Maliyet, Alış Fiyatı Maliyet, Yenileme Fiyatı Geri Çekilme Durumu Kayıp Durumu Hasarlı Durumu Kredi için değil Kayıt Tarih Toplam Ödünçverme Son Görülme Tarihi Son Kontrol Tarihi Satın Alma Notu
Book Prof. Dr. Azmi Özcan Kütüphanesi Prof. Dr. Azmi Özcan Kütüphanesi Uluğbey Salonu Library of Congress Classification Satın COĞRAFYA, ANTROPOLOJİ, REKREASYON Folklor GR280 .G67 2006 0007351 14/09/2009 11.25 11.25         17/09/2009 3 05/12/2024 05/12/2024 007088